Stolice na różnych kontynentach #1 - Statystyki

Ogólne statystyki
  • Ten quiz został rozwiązany 20 razy
  • Średni wynik to 42 z 45
Statystyki odpowiedzi
Zagadnienie Komórka Select % Poprawnych
Europie Barcelona Nie
100%
Ameryce Północnej Guadalajara Nie
100%
Europie Lublana Tak
100%
Europie Manchester Nie
100%
Ameryce Północnej Nowy Jork Nie
100%
Ameryce Północnej Ottawa Tak
100%
Ameryce Północnej Port-of-Spain Tak
100%
Ameryce Południowej Portoviejo Nie
100%
Ameryce Południowej Quito Tak
100%
Ameryce Południowej Rio De Janeiro Nie
100%
Ameryce Północnej Santa Clara Nie
100%
Ameryce Południowej Santiago Tak
100%
Afryce Seul Nie
100%
Europie Skopje Tak
100%
Azji Szanghaj Nie
100%
Azji Thimphu Tak
100%
Europie Trondheim Nie
100%
Europie Vaduz Tak
100%
Ameryce Południowej Valencia Nie
100%
Afryce Addis Abeba Tak
94%
Azji Bangar Nie
94%
Ameryce Południowej Córdoba Nie
94%
Azji Gitega Nie
94%
Afryce Kano Nie
94%
Azji Kioto Nie
94%
Azji Kuala Lumpur Tak
94%
Ameryce Południowej La Paz Tak
94%
Europie Monachium Nie
94%
Ameryce Północnej Saint George's Tak
94%
Ameryce Północnej Saint John’s Tak
94%
Europie Tallinn Tak
94%
Ameryce Północnej Toronto Nie
94%
Afryce Johannesburg Nie
88%
Afryce Kapsztad Tak
88%
Europie Liechtenstein Nie
88%
Afryce Luanda Tak
88%
Ameryce Południowej Paramaribo Tak
88%
Ameryce Północnej Tegucigalpa Tak
88%
Azji Dubaj Nie
81%
Ameryce Południowej Georgetown Tak
81%
Afryce Lagos Nie
81%
Azji Male Tak
81%
Azji Bandar Seri Begawan Tak
75%
Afryce Dar es Salaam Nie
75%
Afryce Konakry Tak
75%
Nie znaleziono quizów pasujących do podanych kryteriów
Rozkład punktacji
Procent ludzi z każdym wynikiem
Percentyl według liczby udzielonych odpowiedzi
Twoja historia wyników
Nie rozwiązałeś tego quizu